banner-ar

DEMOCRATIE / (Record no. 25787)

MARC details
000 -الفاتح
حقل البيانات ثابتة الطول 00442nam a2200181Ia 4500
008 - عناصر البيانات ثابتة الطول - معلومات عامة
حقل البيانات ثابتة الطول 140319s9999 xx 000 0 eng d
040 ## - مصدر الفهرسة
وكالة الفهرسة الأصلية GCL /
وكالة النسخ GCL
082 04 - رقم تصنيف ديوى العشرى
رقم التصنيف p
رقم المادة 305
-- ad
100 1# - المدخل الرئيسى - إسم شخصى
الإسم الشخصى ACKROYD, CHRISTOPHER
245 10 - بيان العنوان
العنوان DEMOCRATIE /
بيان المسئوليه,etc ACKROYD, CHRISTOPHER
700 1# - المدخل الاضافى - اسم شخصى
الإسم الشخصى DOSSIER DU CEDEJ
300 ## - الوصف المادى
التعداد 416
650 04 - المدخل الاضافى بالموضوع-مصطلح موضوعى
مصطلح موضوعي DEMOCRACY
650 04 - المدخل الاضافى بالموضوع-مصطلح موضوعى
مصطلح موضوعي DEMOCRATIE
942 ## - عناصر المدخل الإضافي( كوها)
مصدر التصنيف او مخطط الترفيف Dewey Decimal Classification
Koha [default] item type الدوريات
260 ## - PUBLICATION, DISTRIBUTION, ETC. (IMPRINT)
-- [S.N] :
-- DOSSIERS DU CEDEJ
Holdings
حالة التراجع حالة الفقد حالة تلف ليس للاعارة المكان المؤقت الموقع الحالى تاريخ الاكتساب اجمالي اﻻعارات رقم الطلب الباركود تاريخ اخر مشاهدة تاريخ تفعيل السعر نوع وعاء كوها
        مكتبة القاهرة الكبرى مكتبة القاهرة الكبرى 03/26/2014   p\305\ad 45547 03/26/2014 03/26/2014 الدوريات
        مكتبة القاهرة الكبرى مكتبة القاهرة الكبرى 03/26/2014   p\305\ad 45548 03/26/2014 03/26/2014 الدوريات

Powered By

EGPV